00329nam a2200121Ia 4500008004100000041000800041082001500049100001800064245005600082260004200138300000800180999001900188230822s1999 xx 000 0 und d aeng a370.193.48 aGALLION A. B. aTHE URBAN PATTERN CITY PLANNING AND DESIGN IVTH ED. bCBS PUBLISHERS AND DISTIRBUTORSc1999 a451 c855354d855354